| 000 | 00770nam a22002537a 4500 | ||
|---|---|---|---|
| 001 | 25504 | ||
| 005 | 20260428151800.0 | ||
| 008 | 260427b |||||||| |||| 00| 0 spa d | ||
| 020 | _a9786124038259 | ||
| 041 | _aESP | ||
| 082 |
_a347.51 _bE14 |
||
| 100 |
_aEchaiz Moreno, Daniel _eAUT |
||
| 245 |
_aDerecho societario : _bun nuevo enfoque jurídico de los temas societarios |
||
| 250 | _aPrimera edición | ||
| 260 |
_aLima : _bGaceta Jurídica, _c2009 |
||
| 300 |
_a445 páginas : _bcuadros ; _c24 cm. |
||
| 440 | _a ; | ||
| 650 | _aCIS | ||
| 653 | _aDerecho; Derecho comercial; Sociedades comerciales | ||
| 654 | _aCDE | ||
| 700 | _a; | ||
| 856 |
_uhttps://itmsp.museknowledge.com/UCSP?groupID=2 _zVéase Biblioteca Digital |
||
| 942 |
_cLIB _dJUS _fTRC _n0 _2ddc |
||
| 999 |
_c25504 _d25504 |
||